000 00312nam a2200133Ia 4500
008 240624s9999 xx 000 0 und d
041 _aeng
082 _a658.4012 DAV
100 _aDAVENI RICHARD A
245 _aHYPERCOMPETITION
260 _c1994
_aNew York
_bFree Press
300 _a448 : p.
365 _c
_b30
999 _c27961
_d27961